[Event "Barcelona Sant Marti op-B 20th"]
[Site "Barcelona"]
[Date "2018.07.18"]
[Round "6"]
[White "Arias Aranda, Guillem"]
[Black "Yuste Fornell, Ramon"]
[Result "1-0"]
[WhiteElo "1576"]
[BlackElo "1948"]
[PlyCount "87"]
[EventDate "2018.07.13"]
[EventType "swiss"]
[EventRounds "9"]
[EventCountry "ESP"]
[SourceTitle "EXT 2019"]
[Source "ChessBase"]
[SourceDate "2018.10.10"]
[SourceVersion "1"]
[SourceVersionDate "2018.10.10"]
[SourceQuality "1"]

1. e4 c5 2. Nf3 e6 3. d4 cxd4 4. Nxd4 Nf6 5. Nc3 Nc6 6. Ndb5 Bb4 7. a3 Bxc3+ 8. Nxc3 d5 9. exd5 Nxd5 10. Nxd5 exd5 11. Be2 0-0 12. 0-0 Be6 13. Bf4 Qf6 14. Bc1 Rac8 15. Bg4 Nd4 16. c3 Nf5 17. Qf3 Qg6 18. Qh3 Rc4 19. Bh5 Qf6 20. Qf3 g6 21. Bg4 Rxg4 22. Qxg4 Ne3 23. Qg3 Nxf1 24. Kxf1 Rc8 25. Bg5 Qf5 26. Be3 a6 27. Bd4 Qg4 28. Qe5 Kf8 29. Qg7+ Ke7 30. Qxh7 Qe4 31. Qg7 Qd3+ 32. Ke1 Qe4+ 33. Kf1 Qd3+ 34. Kg1 Qc2 35. b4 Qd3 36. Qe5 Qc4 37. Bc5+ Rxc5 38. bxc5 Qxc5 39. Rb1 b5 40. a4 Qc4 41. axb5 axb5 42. Ra1 Qc5 43. h3 Qc4 44. Ra7+ 1-0

[Event "Barcelona Ideal Clave op 20th"]
[Site "Barcelona"]
[Date "2016.10.08"]
[Round "2"]
[White "Vargas Drechsler, Carlos"]
[Black "Arias Aranda, Guillem"]
[Result "1-0"]
[WhiteElo "1930"]
[BlackElo "1438"]
[PlyCount "36"]
[EventDate "2016.10.01"]
[EventType "swiss"]
[EventRounds "8"]
[EventCountry "ESP"]
[SourceTitle "EXT 2018"]
[Source "ChessBase"]
[SourceDate "2017.10.13"]
[SourceVersion "1"]
[SourceVersionDate "2017.10.13"]
[SourceQuality "1"]

1. e4 d6 2. d4 e5 3. Nf3 Nd7 4. Bc4 Be7 5. 0-0 Ngf6 6. Bxf7+ Kxf7 7. Ng5+ Kg8 8. Ne6 Qe8 9. Nxc7 Qg6 10. Nxa8 Ne8 11. Nc3 b6 12. dxe5 Nxe5 13. f4 Bh3 14. Qd5+ Kf8 15. fxe5+ Bf6 16. Rf2 a5 17. exf6 gxf6 18. Bf4 f5 1-0